000 00864cam a22002414a 4500
001 12435013
005 20180228045925.0
008 010608s2001 nyua b 001 0 eng
010 _a 2001041302
020 _a0789200147 (alk. paper)
040 _aDLC
_cDLC
_dDLC
041 _aeng
042 _apcc
080 _a332.6 fic
082 0 0 _a332.6 fic
_221
100 1 _a52
101 _aeco
245 1 0 _aIn the market :
_cChristopher Finch ; foreword by John M. Angelo.
504 _aIncludes bibliographical references (p. [351]-352) and index.
906 _a7
_bcbc
_corignew
_d1
_eocip
_f20
_gy-gencatlg
942 _2ddc
_cBK
999 _c43692
_d43692